[Event "Moscow Chess are Living op"]
[Site "Moscow"]
[Date "2009.07.10"]
[Round "1"]
[White "Babanov, Alexander V"]
[Black "Bolobolov, Vladimir A"]
[Result "1-0"]
[WhiteElo "2049"]
[BlackElo "2036"]
[PlyCount "95"]
[EventDate "2009.07.10"]
[EventType "swiss"]
[EventRounds "9"]
[EventCountry "RUS"]
[SourceTitle "EXT 2022"]
[Source "ChessBase"]
[SourceDate "2021.10.06"]
[SourceVersion "1"]
[SourceVersionDate "2021.10.06"]
[SourceQuality "1"]

1. c4 Nf6 2. Nf3 g6 3. b4 a5 4. b5 d6 5. Bb2 Bg7 6. g3 0-0 7. Bg2 e5 8. d3 Nbd7 9. Nfd2 Nc5 10. Nb3 Na4 11. Ba3 Nd7 12. Qc2 Ndc5 13. Nxc5 Nxc5 14. Nc3 e4 15. Bxe4 Nxe4 16. dxe4 Be6 17. Qd3 Qf6 18. Bb2 Qd4 19. Qxd4 Bxd4 20. Na4 Bc5 21. Rc1 f6 22. 0-0 b6 23. Kg2 Kf7 24. Rfd1 Rad8 25. Bd4 Ke7 26. Bxc5 dxc5 27. Nb2 Rxd1 28. Rxd1 Rd8 29. Rxd8 Kxd8 30. Kf3 c6 31. bxc6 Kc7 32. Ke3 Kxc6 33. a4 Kd6 34. Kd3 Bd7 35. f3 Bc6 36. Kc3 Bd7 37. Kb3 h6 38. Nd3 g5 39. f4 Ke6 40. e5 f5 41. Nf2 gxf4 42. gxf4 Bc6 43. Nd1 Bd7 44. Nc3 Bc6 45. Nb5 Bxb5 46. cxb5 Kd5 47. Kc3 h5 48. h4 1-0

[Event "Moscow Winter on Kolomenskoe"]
[Site "Moscow"]
[Date "2007.02.17"]
[Round "10"]
[White "Babanov, Alexander V"]
[Black "Nozdrin, Alexander V"]
[Result "1/2-1/2"]
[WhiteElo "2127"]
[BlackElo "2301"]
[PlyCount "37"]
[EventDate "2007.02.08"]
[EventType "tourn"]
[EventRounds "13"]
[EventCountry "RUS"]
[SourceTitle "EXT 2019"]
[Source "ChessBase"]
[SourceDate "2018.10.10"]
[SourceVersion "1"]
[SourceVersionDate "2018.10.10"]
[SourceQuality "1"]

1. e4 e5 2. Nf3 Nf6 3. Nxe5 d6 4. Nf3 Nxe4 5. Qe2 Qe7 6. Nc3 Nxc3 7. dxc3 Qxe2+ 8. Bxe2 Bf5 9. Bd3 Bxd3 10. cxd3 d5 11. Bf4 c6 12. Bxb8 Rxb8 13. d4 Bd6 14. Kd2 Kd7 15. Rhe1 Rhe8 16. Rxe8 Rxe8 17. Re1 Bf4+ 18. Kd3 Rxe1 19. Nxe1 1/2-1/2

[Event "Moscow Winter on Kolomenskoe"]
[Site "Moscow"]
[Date "2007.02.16"]
[Round "9"]
[White "Vinogradov, Sergey Al"]
[Black "Babanov, Alexander V"]
[Result "1/2-1/2"]
[WhiteElo "2138"]
[BlackElo "2127"]
[PlyCount "35"]
[EventDate "2007.02.08"]
[EventType "tourn"]
[EventRounds "13"]
[EventCountry "RUS"]
[SourceTitle "EXT 2019"]
[Source "ChessBase"]
[SourceDate "2018.10.10"]
[SourceVersion "1"]
[SourceVersionDate "2018.10.10"]
[SourceQuality "1"]

1. d4 d5 2. c4 e6 3. Nc3 c6 4. e4 dxe4 5. Nxe4 Bb4+ 6. Bd2 Qxd4 7. Bxb4 Qxe4+ 8. Be2 Na6 9. Bd6 b6 10. Nf3 Bb7 11. 0-0 Rd8 12. Ne5 Ne7 13. Re1 Qh4 14. g3 Qf6 15. Ng4 Qg6 16. Ne5 Qf6 17. Ng4 Qg6 18. Ne5 1/2-1/2

[Event "Moscow Winter on Kolomenskoe"]
[Site "Moscow"]
[Date "2007.02.14"]
[Round "7"]
[White "Kartachov, Vladislav"]
[Black "Babanov, Alexander V"]
[Result "1-0"]
[WhiteElo "2190"]
[BlackElo "2127"]
[PlyCount "83"]
[EventDate "2007.02.08"]
[EventType "tourn"]
[EventRounds "13"]
[EventCountry "RUS"]
[SourceTitle "EXT 2019"]
[Source "ChessBase"]
[SourceDate "2018.10.10"]
[SourceVersion "1"]
[SourceVersionDate "2018.10.10"]
[SourceQuality "1"]

1. d4 d5 2. c4 c6 3. Nc3 dxc4 4. e4 b5 5. a4 b4 6. Na2 Nf6 7. e5 Nd5 8. Bxc4 e6 9. Nf3 Be7 10. Bd2 a5 11. Nc1 Nd7 12. Nb3 h6 13. 0-0 Bb7 14. Qe2 Kf8 15. Be3 g6 16. Nc5 Bxc5 17. dxc5 Nxe3 18. Qxe3 Qe7 19. Rfd1 Nxc5 20. Rd6 Nd7 21. Rad1 Bc8 22. Rxc6 Kg7 23. Rc7 Qd8 24. Rcxd7 Bxd7 25. Bb5 Qc8 26. Rxd7 Rd8 27. Rxd8 Qxd8 28. Nd4 Qd5 29. Qf4 Rc8 30. h4 Kg8 31. b3 Rc5 32. Be8 Rc7 33. Nb5 Re7 34. Nd6 Qd1+ 35. Kh2 Qxb3 36. Bxf7+ Kh7 37. Bxg6+ Kxg6 38. Qf6+ Kh5 39. Nf5 Rh7 40. g4+ Kxg4 41. Nxh6+ Rxh6 42. f3+ 1-0

[Event "Moscow Winter on Kolomenskoe"]
[Site "Moscow"]
[Date "2007.02.08"]
[Round "1"]
[White "Denisov, Andrey"]
[Black "Babanov, Alexander V"]
[Result "1/2-1/2"]
[WhiteElo "2196"]
[BlackElo "2127"]
[PlyCount "27"]
[EventDate "2007.02.08"]
[EventType "tourn"]
[EventRounds "13"]
[EventCountry "RUS"]
[SourceTitle "EXT 2019"]
[Source "ChessBase"]
[SourceDate "2018.10.10"]
[SourceVersion "1"]
[SourceVersionDate "2018.10.10"]
[SourceQuality "1"]

1. d4 d5 2. c4 Nc6 3. Nf3 Bg4 4. Qa4 Bxf3 5. exf3 e6 6. Nc3 Nge7 7. cxd5 exd5 8. Bb5 a6 9. Bxc6+ Nxc6 10. 0-0 Qd7 11. Re1+ Be7 12. Qb3 0-0-0 13. Be3 Bf6 14. Red1 1/2-1/2

[Event "Moscow Jan"]
[Site "Moscow"]
[Date "2007.01.13"]
[Round "4"]
[White "Babanov, Alexander V"]
[Black "Glotov, Mikhail"]
[Result "0-1"]
[WhiteElo "2127"]
[BlackElo "2281"]
[PlyCount "122"]
[EventDate "2007.01.10"]
[EventType "tourn"]
[EventRounds "15"]
[EventCountry "RUS"]
[SourceTitle "EXT 2010"]
[Source "ChessBase"]
[SourceDate "2010.11.25"]
[SourceVersion "1"]
[SourceVersionDate "2010.11.25"]
[SourceQuality "1"]

1. e4 e6 2. d4 d5 3. Nd2 c5 4. Ngf3 a6 5. dxc5 Bxc5 6. Bd3 Nc6 7. 0-0 Nf6 8. exd5 exd5 9. Nb3 Be7 10. h3 0-0 11. c3 Ne4 12. Nbd4 Bf6 13. Be3 Re8 14. Qc2 Bd7 15. Rad1 Rc8 16. Qb3 Na5 17. Qxd5 Rc5 18. Bxe4 Rxd5 19. Bxd5 Bxh3 20. Bxf7+ Kxf7 21. gxh3 Nc4 22. Bc1 Qa5 23. a3 Qh5 24. Kg2 b5 25. Rg1 Qd5 26. Kh2 g6 27. Rge1 Bxd4 28. Nxd4 Qh5 29. Rf1 Qe5+ 30. f4 Qc7 31. Rde1 Rxe1 32. Rxe1 Nxa3 33. bxa3 Qxc3 34. Rd1 a5 35. Kg2 b4 36. axb4 axb4 37. Ne2 Qc6+ 38. Kf2 b3 39. Rd2 Qe6 40. Kg3 h5 41. Rb2 Ke7 42. Kh2 Qe4 43. Kg3 Qd3+ 44. Kg2 h4 45. Rd2 Qe4+ 46. Kf2 Qf5 47. Kg2 Qc5 48. Kf1 Qc4 49. Ba3+ Ke8 50. Rd6 Qb5 51. Rxg6 b2 52. Bxb2 Qxb2 53. Re6+ Kf7 54. Rh6 Qa1+ 55. Kf2 Qa7+ 56. Kg2 Qe3 57. Kf1 Qxh3+ 58. Ke1 Qh1+ 59. Kd2 h3 60. Rh7+ Kf6 61. Rh6+ Kg7 0-1